00628cam a2200169 a 4500008004100000020004300041050002200084100002700106245012700133250001300260260003600273300007600309650002200385650001200407700001900419700002000438091210s2011 nyua b 001 0 eng  a9780077349684 (softcover : alk. paper)00aGV 481 .F26 2011c1 aFahey, Thomas D.d194710aFit & well :bcore concepts and labs in physical fitness and wellness /cThomas D. Fahey, Paul M. Insel, Walton T. Roth..- a9th ed.: aNew York ;bMcGraw-Hill,c2011. axix, 342, [49] p. :ill.bIncludes bibliographical references and index. 0aPhysical fitness. 0aHealth.1 aInsel, Paul M.1 aRoth, Walton T.